000 00363nam a22001217a 4500
005 20250404112242.0
008 250404b |||||||| |||| 00| 0 eng d
020 _a0976-0512
041 _aeng
245 _aINDIAN JOURNAL OF NATURAL PRODUCTS AND RESOURCES
260 _aNEW DELHI
_bCSIR- NATIONAL INSTITUTE OF SCIENCE COMMUNICATION AND POLICY RESEARCH
942 _cJRL
999 _c8732
_d8730